The Official Handbook of the Marvel Universe #2 Quiz Stats

 Plays Quiz not verified by Sporcle

Challenge
Share
Tweet
Embed
Score 0/45 Timer 10:00
0 Plays Today
Alter Ego/Description Character, Team, or Place % Correct
????
100%
????
89.5%
????
63.2%
????
54.4%
????
54.4%
????
52.6%
????
42.1%
????
42.1%
????
42.1%
????
42.1%
????
42.1%
????
42.1%
????
42.1%
????
42.1%
????
42.1%
????
38.6%
????
36.8%
????
36.8%
????
36.8%
????
36.8%
????
36.8%
????
36.8%
????
36.8%
Alter Ego/Description Character, Team, or Place % Correct
????
36.8%
????
35.1%
????
35.1%
????
35.1%
????
35.1%
????
35.1%
????
35.1%
????
33.3%
????
29.8%
????
29.8%
????
29.8%
????
28.1%
????
28.1%
????
28.1%
????
19.3%
????
15.8%
????
15.8%
????
15.8%
????
12.3%
????
12.3%
????
8.8%
????
7%

You're not logged in!

Compare scores with friends on all Sporcle quizzes.
OR
Log In

You Might Also Like...

Show Comments

Extras

Top Quizzes Today


Score Distribution

Your Account Isn't Verified!

In order to create a playlist on Sporcle, you need to verify the email address you used during registration. Go to your Sporcle Settings to finish the process.

Report this User

Report this user for behavior that violates our Community Guidelines.

Details: